Essentials of financial management (Record no. 153683)

MARC details
000 -LEADER
fixed length control field 00598nam a22002057a 4500
003 - CONTROL NUMBER IDENTIFIER
control field dpl
005 - DATE AND TIME OF LATEST TRANSACTION
control field 20180709164648.0
008 - FIXED-LENGTH DATA ELEMENTS--GENERAL INFORMATION
fixed length control field 180709b xxu||||| |||| 00| 0 eng d
020 ## - INTERNATIONAL STANDARD BOOK NUMBER
International Standard Book Number 978818054688
Terms of availability 295.00
035 ## - SYSTEM CONTROL NUMBER
System control number B-275752
040 ## - CATALOGING SOURCE
Original cataloging agency DPL
Language of cataloging EN
Transcribing agency 0
082 ## - DEWEY DECIMAL CLASSIFICATION NUMBER
Classification number 658.15
Item number SAX
100 ## - MAIN ENTRY--PERSONAL NAME
Personal name Saxena, V.K.
245 ## - TITLE STATEMENT
Title Essentials of financial management
Statement of responsibility, etc /by V. K. Saxena and C.D. Vashist
260 ## - PUBLICATION, DISTRIBUTION, ETC. (IMPRINT)
Place of publication, distribution, etc New Delhi
Name of publisher, distributor, etc Sultan Chand
Date of publication, distribution, etc 2008
270 ## - ADDRESS
Address 23, Daryaganj
City New Delhi
State or province 110002
300 ## - PHYSICAL DESCRIPTION
Extent v.p.
Dimensions 22cm.
600 ## - SUBJECT ADDED ENTRY--PERSONAL NAME
Personal name C. D. Vashist
942 ## - ADDED ENTRY ELEMENTS (KOHA)
Source of classification or shelving scheme Dewey Decimal Classification
Koha item type English Books
Classification part 658.15
Call number suffix SAX

No items available.


© Delhi Public Library
Hit Counter
free hit counter